Computer architecture : an embedded approach / (Record no. 17032)

MARC details
000 -LEADER
fixed length control field 00690nam a22002177a 4500
005 - DATE AND TIME OF LATEST TRANSACTION
control field 20120927134221.0
008 - FIXED-LENGTH DATA ELEMENTS--GENERAL INFORMATION
fixed length control field 120927s2011 si ill | |||| 001 0 eng d
020 ## - INTERNATIONAL STANDARD BOOK NUMBER
International Standard Book Number 0071311181
020 ## - INTERNATIONAL STANDARD BOOK NUMBER
International Standard Book Number 9780071311182
082 ## - DEWEY DECIMAL CLASSIFICATION NUMBER
Edition number 22
Classification number 004.256
Item number MCL
100 ## - MAIN ENTRY--PERSONAL NAME
Personal name McLoughlin, Ian
9 (RLIN) 30985
245 ## - TITLE STATEMENT
Title Computer architecture : an embedded approach /
Statement of responsibility, etc Ian McLoughlin.
260 ## - PUBLICATION, DISTRIBUTION, ETC. (IMPRINT)
Place of publication, distribution, etc Singapore :
Name of publisher, distributor, etc McGraw-Hill Education (Asia),
Date of publication, distribution, etc c2011.
300 ## - PHYSICAL DESCRIPTION
Extent xviii, 498 p. :
Other physical details ill. ;
Dimensions 24 cm.
500 ## - GENERAL NOTE
General note Includes index.
650 ## - SUBJECT ADDED ENTRY--TOPICAL TERM
Topical term or geographic name as entry element Embedded computer systems
9 (RLIN) 30986
650 ## - SUBJECT ADDED ENTRY--TOPICAL TERM
Topical term or geographic name as entry element Computer architecture
9 (RLIN) 30987
650 ## - SUBJECT ADDED ENTRY--TOPICAL TERM
Topical term or geographic name as entry element Computer organization
9 (RLIN) 30988
653 ## - INDEX TERM--UNCONTROLLED
Resource For college
Arrived date list September2012
942 ## - ADDED ENTRY ELEMENTS (KOHA)
Source of classification or shelving scheme Dewey Decimal Classification
Item type Book - Borrowing
Holdings
Withdrawn status Item status Source of classification or shelving scheme Damaged status Not for loan Vendor Home library Current library Shelving location Date acquired Source of acquisition Cost, normal purchase price Serial Enumeration / chronology Total Checkouts Full call number Barcode Date last seen Date last borrowed Koha item type Total Renewals
    Dewey Decimal Classification     Baccah Central Library Central Library Lower Floor 27/09/2012   340.00 3 1 004.256 MCL 000027426 15/07/2025 19/10/2017 Book - Borrowing  
    Dewey Decimal Classification     Baccah Central Library Central Library Lower Floor 27/09/2012   340.00 3 1 004.256 MCL 000027427 15/07/2025 16/01/2023 Book - Borrowing  
    Dewey Decimal Classification     Baccah Central Library Central Library Lower Floor 27/09/2012   340.00 3 1 004.256 MCL 000027428 15/07/2025 25/09/2017 Book - Borrowing 20